| 000 | 01037nam a2200277Ia 4500 | ||
|---|---|---|---|
| 003 | GCL | ||
| 008 | 140319s9999 xx 000 0 ara d | ||
| 020 | _a2639305977 | ||
| 040 |
_aGCL / _cGCL |
||
| 082 | 0 | 4 |
_a746.7561 _bك د |
| 100 | 1 | _aزاهى حواس | |
| 245 | 1 | 0 |
_aدراسات لسجاجيد جورديز فى ضوء مجموعة متحف قصر المنيل / _cزاهى حواس |
| 700 | 1 | _aكوثر ابو الفتوح | |
| 250 | _aالاولى | ||
| 260 |
_aالقاهرة : _bالمجلس الاعلى للاثار ، _c2003 |
||
| 300 |
_a136 ص ؛ _c30 سم |
||
| 490 |
_aسلسلة الثقافة الاثرية والتاريخية مشروع المائة كتاب _v35 |
||
| 650 | 0 | 4 | _aالسجاجيد |
| 650 | 0 | 4 | _aاشغال النسيج |
| 650 | 0 | 4 | _aالسجاجيد الاسلامية |
| 650 | 0 | 4 | _aمتحف قصر المنيل |
| 650 | 0 | 4 | _aالسجاجيد - صناعة وتجارة |
| 650 | 0 | 4 | _aالسجاجيد التركية |
| 650 | 0 | 4 | _aالسجاجيد اليدوية |
| 942 |
_2ddc _cBK |
||
| 999 |
_c57679 _d57679 |
||